00905nam a2200217 a 450000100100000000500170001000800410002702000150006804000250008310000270010824500910013526000270022630000360025349000460028950400320033550400730036771000720044083000530051295201050056599900170067000004173820201002035728.0131016s1993 sp 001 0 spa d a8400043342 aDO-SdBNPbspacBNPHU1 aFranchini, Enzo96858013aEl munuscrito :bla lengua y el ser literario de la razón de amor /cEnzo Franchini. aMadrid :bCSIC,c1993. a415 p. :bil., retrs. ;c25 cm.1 aBiblioteca de filología hispánicav11 aBibliografía : p. 411-415 aIncluye referencias bibliográficas y notas al pie de las páginas2 aConsejo Superior de Investigaciones Científicas (España)915178 0aBiblioteca de filología hispánicav11967489 001050718MOaGRbGRcCTd2013-10-16iLF1l0o p41738-10r2020-06-25w2020-06-25y1ZNo se presta c41227d41227